00734cam a2200229 a 450000100100000000500170001000800410002702000290006802000150009704000250011208200180013710000320015524501020018726000700028930000270035949000160038649000150040265000110041765000360042865000100046483000300047400001214020200929162719.0980415s1998 ck ac 000 0 spa  a9582001011 (colección) a9582003855 aDO-SdBNPbspacBNPHU a133.43bB517b1 aBernal Arroyave, Guillermo.10aBrujas y brujerías :bpropuestas para pasarla espantosamente bien /cGuillermo Bernal Arroyave. aSantafé de Bogotá :bCooperativa Editorial Magisterio,c1998. a86 p. :bil. ;c24 cm.1 aAula Alegre1 aMagisterio 4aBrujas 4aBrujeríaxLiteratura infantil 4aMagia 0aAula alegre ;pMagisterio